Stati della Banca africana di sviluppo - Statistics

Statistiche generali
  • Questo quiz è stato fatto 6 volte
  • Il punteggio medio è 58 su 81
Statistiche sulle risposte
Nazione % Corretto
Comore
100%
Ghana
100%
Niger
100%
Nigeria
100%
Senegal
100%
Seychelles
100%
Algeria
75%
Arabia Saudita
75%
Argentina
75%
Austria
75%
Belgio
75%
Benin
75%
Botswana
75%
Brasile
75%
Burkina Faso
75%
Burundi
75%
Camerun
75%
Canada
75%
Capo Verde
75%
Cina
75%
Corea del Sud
75%
Costa d'Avorio
75%
Danimarca
75%
Egitto
75%
Eritrea
75%
eSwatini
75%
Finlandia
75%
Francia
75%
Gabon
75%
Gambia
75%
Germania
75%
Giappone
75%
Gibuti
75%
Guinea
75%
Guinea-Bissau
75%
Guinea Equatoriale
75%
Italia
75%
Kenya
75%
Kuwait
75%
Lesotho
75%
Libia
75%
Lussemburgo
75%
Madagascar
75%
Malawi
75%
Mali
75%
Marocco
75%
Mauritius
75%
Mozambico
75%
Paesi Bassi
75%
Portogallo
75%
Regno Unito
75%
Repubblica del Congo
75%
Repubblica Democratica del Congo
75%
Ruanda
75%
Somalia
75%
Spagna
75%
Stati Uniti
75%
Sudan
75%
Svezia
75%
Svizzera
75%
Tunisia
75%
Turchia
75%
Uganda
75%
Zambia
75%
Zimbabwe
75%
Angola
50%
Ciad
50%
Emirati Arabi Uniti
50%
Etiopia
50%
India
50%
Lettonia
50%
Liberia
50%
Namibia
50%
Norvegia
50%
Repubblica Centrafricana
50%
São Tomé e Príncipe
50%
Sudafrica
50%
Tanzania
50%
Togo
50%
Mauritania
25%
Sierra Leone
25%
Nessun quiz corrispondente trovato
Distribuzione punteggi
Percentuale di utenti per punteggio
Percentile per numero di risposta
I tuoi punteggi nel tempo
Non hai fatto questo quiz